Podmienky zvyšovania konkurencieschopnosti v oblasti cestovného ruchu

Vplyv európskej politiky na cestovný ruch Slovenskej republiky. Pozitívne zmeny v oblasti cestovného ruchu. Cestovný ruch na Slovensku po vstupe do EÚ. Nárast konkurencie a potreba špecializácie. Konkurencieschopnosť ako súčasť rozvoja cestovného ruchu v SR. Hlavné strategické ciele rozvoja cestovné...

Celý popis

Uložené v:
Podrobná bibliografia
Hlavný autor: Mišúnová, Ema
Ďalší autori: Mišún, Ľuboš
Médium: Kapitola
Jazyk:Slovak
Predmet:
Tagy: Pridať tag
Žiadne tagy, Buďte prvý, kto otaguje tento záznam!

MARC

LEADER 00000naa$a2200000$$$4500
001 0053978
005 20240502071626.4
041 0 |a slo 
044 |a SK 
245 1 0 |a Podmienky zvyšovania konkurencieschopnosti v oblasti cestovného ruchu  |c Ema Mišúnová, Ľuboš Mišún 
520 |a Vplyv európskej politiky na cestovný ruch Slovenskej republiky. Pozitívne zmeny v oblasti cestovného ruchu. Cestovný ruch na Slovensku po vstupe do EÚ. Nárast konkurencie a potreba špecializácie. Konkurencieschopnosť ako súčasť rozvoja cestovného ruchu v SR. Hlavné strategické ciele rozvoja cestovného ruchu. 
610 2 0 |a ruch cestovný aktívny 
610 2 0 |a ruch cestovný pasívny 
610 2 0 |a ruch cestovný medzinárodný 
610 2 0 |a konkurencieschopnosť 
610 2 0 |a služby 
610 2 0 |a kvalita 
610 2 0 |a ceny 
610 2 0 |a sily pracovné 
610 2 0 |a vzdelávanie 
610 2 0 |a Slovensko 
100 1 |a Mišúnová, Ema 
700 1 |a Mišún, Ľuboš